Lieder für eine Singstimme mit Pianoforte Begleitung : Ausgabe für tiefe Stimme /
| Main Author: | Mendelssohn-Bartholdy, Felix, 1809-1847 |
|---|---|
| Other Authors: | Dörffel, Alfred, 1821-1905 |
| Language: | German |
| Published: |
Leipzig : C.F. Peters, 1896 |
| Series: |
Mendelssohn-Bartholdy, Felix, 1809-1847. Sämmtliche Werke
Edition Peters |
| Physical Description: |
171 s. |
| LEADER | 01025ncm a22002652a 4500 | ||
|---|---|---|---|
| 001 | 001285405 | ||
| 003 | CZ BrMZK | ||
| 005 | 20130903073438.0 | ||
| 007 | qu | ||
| 008 | 130325s1896 gw |||||||||||||||||ger d | ||
| 040 | |a BOA001 |b cze | ||
| 072 | 7 | |a 784 |x Vokální hudba |2 Konspekt |9 9 | |
| 100 | 1 | |a Mendelssohn-Bartholdy, Felix, |d 1809-1847 |7 jn19990005595 |4 cmp | |
| 245 | 1 | 0 | |a Lieder |h [hudebnina] : |b für eine Singstimme mit Pianoforte Begleitung : Ausgabe für tiefe Stimme / |c Felix Mendelssohn-Bartholdy ; herausgegeben von Alfred Dörffel |
| 260 | |a Leipzig : |b C.F. Peters, |c 1896 | ||
| 300 | |a 171 s. | ||
| 490 | 1 | |a Felix Mendelssohn-Bartholdy's Sämtliche Werke | |
| 490 | 1 | |a Edition Peters | |
| 700 | 1 | |a Dörffel, Alfred, |d 1821-1905 |7 xx0011284 |4 edt | |
| 800 | 1 | |a Mendelssohn-Bartholdy, Felix, |d 1809-1847. |t Sämmtliche Werke | |
| 830 | 0 | |a Edition Peters | |
| 910 | |a BOA001 |b Mus4-0116.292 | ||
| 990 | |a MU | ||
| 991 | |b 201303 | ||
| 996 | 6 | |b 2619514490 |c Mus4-0116.292 |l MZK |r Sklad / do 1 hodiny |n 0 |w 001319942 |u 000010 |a 1 |e BOA001 |j MZK50 |s P | |
English
Čeština 